000 00336nam a22001337a 4500
008 181205b xxu||||| |||| 00| 0 eng d
020 _a9780073378916
041 _aeng
080 _22nd
_a070
100 _a40
101 _aMK
245 _aInside Reporting A Practical Guide to the Craft of Jorunalism
_cHarrower,T
942 _2udc
_cBK
999 _c52881
_d52881